| 000 | 00786nam a22002651a 4500 | ||
|---|---|---|---|
| 003 | AR-BaBN | ||
| 005 | 20251030100921.0 | ||
| 007 | ta | ||
| 008 | 050906s1969 ag |||||||||||||| ||spa | ||
| 015 | _aAR-1969 | ||
| 040 |
_aAR-BaBN _bspa _cAR-BaBN _eaacr |
||
| 044 |
_aag _car-c |
||
| 080 | _a615.851 | ||
| 100 | 1 |
_aZimmermann, David _eautor _4aut |
|
| 245 | 1 | 0 | _aEstudios sobre psicoterapia analítica de grupo. |
| 260 |
_aBuenos Aires : _bHormé, _c1969. |
||
| 300 | _a260 p. | ||
| 650 | _aPsicoterapia | ||
| 650 |
_aPsicología _9108 |
||
| 930 | 1 |
_lBNA01 _mLIBRO _600278398 _820110912 _f11 _n000 _o001161023 |
|
| 930 | 1 |
_lBNA01 _mLIBRO _601001511 _820151001 _f11 _s02 _n000 _o001161023 |
|
| 942 |
_2cdu _cBK |
||
| 956 |
_aGSL _b00 _c20110916 _lBNA01 _h0321 |
||
| 956 |
_aGSL _c20130615 _lBNA01 _h0119 |
||
| 999 |
_c6338 _d6338 |
||